| 000 | 00352nam a22001457a 4500 | ||
|---|---|---|---|
| 020 | _a9781444338867 | ||
| 082 |
_a551.45 _bBUT/TE |
||
| 100 |
_aBurbank,Douglas W. _91123 |
||
| 100 |
_aAnderson, Robert S. _91124 |
||
| 245 | _aTectonic Geomorphology | ||
| 250 | _a2 nd | ||
| 260 |
_aChichester _bWiley - Black well _c2012 |
||
| 300 | _a454 | ||
| 942 | _cBK | ||
| 999 |
_c14642 _d14642 |
||